000 01999cam a2200541 i 4500
999 _c2973
_d2973
001 .b36826029
003 OCoLC
005 20230914074303.0
008 230807t20041999nyu 000 1 eng d
010 _a2002022758
020 _a1582349215
_q(paperback)
020 _a9781582349213
_q(paperback)
035 _a(OCoLC)56608714
_z(OCoLC)229019881
_z(OCoLC)671293988
040 _aLI@
_beng
_cLI@
_dOCLCQ
_dBAKER
_dBTCTA
_dXFG
_dF4B
_dOCLCQ
_dDEBBG
_dOCLCF
_dOCLCO
_dOCLCQ
_dOCLCO
_dYDXCP
_dP4A
_dVOV
_dBDX
_dOCLCA
_dOCLCO
_dRDI
_dKH8
042 _anbic
043 _ae-uk-en
082 0 4 _a823.914 ZEP
_223
100 1 _aZephaniah, Benjamin,
_eauthor.
245 1 0 _aFace /
_cBenjamin Zephaniah.
264 1 _aNew York :
_bBloomsbury,
_c2004.
264 4 _c©1999.
300 _a207 pages ;
_c20 cm.
336 _atext
_btxt
_2rdacontent.
337 _aunmediated
_bn
_2rdamedia.
338 _avolume
_bnc
_2rdacarrier.
520 _aA teenage boy's face is disfigured in an automobile accident, and he must learn to deal with the changes in his life.
650 0 _aDisfigured persons
_vJuvenile fiction.
650 0 _aTraffic accidents
_vJuvenile fiction.
650 0 _aPrejudices
_vJuvenile fiction.
650 1 _aDisfigured persons
_vFiction.
650 1 _aTraffic accidents
_vFiction.
650 1 _aPrejudices
_vFiction.
650 7 _aDisfigured persons.
_2fast
_0(OCoLC)fst00895218.
650 7 _aPrejudices.
_2fast
_0(OCoLC)fst01075260.
650 7 _aTraffic accidents.
_2fast
_0(OCoLC)fst01153997.
650 7 _aDisfigured persons
_vFiction.
_2sears.
650 7 _aTraffic accidents
_vFiction.
_2sears.
650 7 _aPrejudices
_vFiction.
_2sears.
651 0 _aEngland
_vJuvenile fiction.
651 1 _aEngland
_vFiction.
651 7 _aEngland.
_2fast
_0(OCoLC)fst01219920.
651 7 _aEngland
_vFiction.
_2sears.
655 4 _aJugendbuch.
655 7 _aFiction.
_2fast
_0(OCoLC)fst01423787.
655 7 _aJuvenile works.
_2fast
_0(OCoLC)fst01411637.
942 _2ddc
_cTR